000 00830nam a2200217Ii 4500
003 JO-AjNU
008 230605s9999||||xx |||||||||||||| ||und||
017 _a1993/10263
020 _a977-01-3581-X
040 _aJO-AjNU
_bara
_erda
_cJO-AjNU
041 _aara
050 1 4 _aPJ6795.T32 1993
100 3 _aتأليف تيمور، أحمد ؛ إعداد وتحقيق نصار، حسين ,
_eauthor
_939483
245 0 0 _aمعجم تيمور الكبير في الألفاظ العامية (الجيم - الراء)، ج3
264 3 1 _aالقاهرة: الهيئة المصرية العامة للمكتاب،1993
300 _aج3، 351ص
336 _atext
_btxt
_2rdacontent
337 _aunmediated
_bn
_2rdamedia
338 _avolume
_bnc
_2rdacarrier
650 4 _aاللغة العربية - ألفاظ عامية
_939484
999 _aA16678
_c20246
_d20246